ՀՀ Գիտությունների ազգային ակադեմիայի հիմնարար գիտական գրադարան  =   Fundamental Scientific Library of NAS RA

Эффективность капитальных вложений в зоне интенсивного земледелия / (Record no. 227227)

MARC details
000 -LEADER
fixed length control field 00923cam a2200217 i 4500
001 - CONTROL NUMBER
control field 000641056
003 - CONTROL NUMBER IDENTIFIER
control field AM-YeHGA
005 - DATE AND TIME OF LATEST TRANSACTION
control field 20250617140823.0
008 - FIXED-LENGTH DATA ELEMENTS--GENERAL INFORMATION
fixed length control field 090311s1981 ai 000 0 rus d
040 ## - CATALOGING SOURCE
Original cataloging agency AM-YeHGA
041 0# - LANGUAGE CODE
Language code of text/sound track or separate title rus
090 ## - LOCALLY ASSIGNED LC-TYPE CALL NUMBER (OCLC); LOCAL CALL NUMBER (RLIN)
-- 228770
245 00 - TITLE STATEMENT
Title Эффективность капитальных вложений в зоне интенсивного земледелия /
Statement of responsibility, etc. Н.П. Борисенко, Н.А. Акимова, Ф.Ф. Шаламов и др.
260 ## - PUBLICATION, DISTRIBUTION, ETC.
Place of publication, distribution, etc. М. :
Name of publisher, distributor, etc. Колос,
Date of publication, distribution, etc. 1981.
300 ## - PHYSICAL DESCRIPTION
Extent 160 с. :
Other physical details табл. ;
Dimensions 20 см.
504 ## - BIBLIOGRAPHY, ETC. NOTE
Bibliography, etc. note Библиогр. в подстроч. примеч.
650 14 - SUBJECT ADDED ENTRY--TOPICAL TERM
Topical term or geographic name entry element Техническое планирование в сельском хозяйстве, производственно-финансовые планы
700 1# - ADDED ENTRY--PERSONAL NAME
Personal name Борисенко, Н.П.
700 1# - ADDED ENTRY--PERSONAL NAME
Personal name Акимова, Н.А.
700 1# - ADDED ENTRY--PERSONAL NAME
Personal name Шаламов, Ф.Ф.
Holdings
Withdrawn status Lost status Damaged status Not for loan Collection Home library Current library Date acquired Total checkouts Full call number Barcode Date last seen Price effective from Koha item type Public note
        General Fundamental Scientific Library Fundamental Scientific Library 29/12/2016   PII/458883 FL0324263 29/12/2016 29/12/2016 Գրքեր / Books 30 Days Loan


ՀՀ ԳԱԱ հիմնարար գիտական գրադարան
ՀՀ,Երևան 0019
Մարշալ Բաղրամյան 24/6
հեռախոս:(374-10) 52-47-50
Հետադարձ կապ

All site content, except where otherwise noted, is licensed under a
Creative Commons License